| 000 | 03196nam0a2200397 4500 | ||
|---|---|---|---|
| 001 | RU\NLR\bibl\749215 | ||
| 005 | 20260405073328.0 | ||
| 010 |
_a5-85859-212-0 _bв обл. |
||
| 021 |
_aRU _b2004-75603 _93729 |
||
| 035 | _aRSL-KNO-002508031 | ||
| 035 | _a(NLR Aleph) 000739015 | ||
| 090 |
_a810436 _c810436 |
||
| 100 | _a20041206d2004 |||y0rusy50 ca | ||
| 101 | 0 | _arus | |
| 102 | _aRU | ||
| 105 | _aa ||||||||| | ||
| 106 | _ar | ||
| 200 | 1 |
_aМладший школьник и близкие ему люди: воспитание уважительного отношения _eпрограммы. Хрестоматия. Методические рекомендации _eучебное пособие _fВ.Г. Рындак, О.С. Тимофеева _gМ-во образования и науки Рос. Федерации, Гос. образоват. учреждение высш. проф. образования "Оренбург. гос. пед. ун-т" |
|
| 210 |
_aОренбург _cИзд-во ОГПУ _d2004 |
||
| 215 |
_a263 с. _cил. _d21 |
||
| 225 | 1 | _aСерия "Мир отношений" | |
| 320 | _aБиблиогр.: с. 227-230 (43 назв.) | ||
| 606 | 1 |
_aШкольники _jМетодические пособия _xВоспитание уважения к близким людям _92379460 _3RU\NLR\auth\661419769 |
|
| 610 | 0 | _aКультура. Наука. Просвещение -- Народное образование. Педагогические науки -- Общеобразовательная школа. Школьная педагогика -- Школьная педагогика -- Российская Федерация -- Воспитание -- Воспитание детей с учётом возраста и пола -- Воспитание отдельных возрастных групп -- Воспитание учащихся начальных классов -- Учебник для повышения квалификации | |
| 610 | 0 | _aКультура. Наука. Просвещение -- Народное образование. Педагогические науки -- Общеобразовательная школа. Школьная педагогика -- Школьная педагогика -- Российская Федерация -- Воспитание -- Виды воспитания -- Нравственное воспитание -- Воспитание культуры поведения. Воспитание уважения к личности -- Учебник для повышения квалификации | |
| 686 |
_aЧ421,6(2)331.1я77-1 _2rubbk |
||
| 686 |
_aЧ421,6(2)352.25я77-1 _2rubbk |
||
| 686 | _aЧ421.352.25 | ||
| 700 | 1 |
_4070 _8rus _7ca _aРындак _bВ.Г. _cд-р пед. наук _gВалентина Григорьевна _3RU\NLR\auth\7725563 _98610 |
|
| 701 | 1 |
_4070 _8rus _7ca _aТимофеева _bО.С. _cметодист _gОльга Станиславовна _3RU\NLR\auth\7725565 _98612 |
|
| 801 | 0 |
_aRU _bRuMoRKP _c20041206 _grcr |
|
| 801 | 1 |
_aRU _bRuMoRGB _c20041206 |
|
| 801 | 2 |
_aRU _bNLR _c20050415 _gPSBO |
|
| 942 | _cBOOK | ||
| 980 | _aNB | ||
| 980 | _aNBR | ||